Certi pomeriggi non passano mai /

Guardat en:
Dades bibliogràfiques
Autor principal: Fortunato, Mario, (1958- ) (Autor)
Format: Llibre
Idioma:italià
Publicat: Roma : Nottetempo, 2009
Col·lecció:I sassi
Etiquetes: Afegir etiqueta
Sense etiquetes, Sigues el primer a etiquetar aquest registre!

MARC

LEADER 00000nam a22000007i 4500
001 IT\ICCU\RAV\1816733
003 ItRI
005 20250801093133.0
008 090519s2009 it |||||| ||||| |||||c
020 |a 9788874522026 
040 |b ita  |c ct 
041 7 |a ita  |2 ISO-639-2 
082 |a 853.914  |2 20 
100 1 |a Fortunato, Mario,  |d  (1958- )  |0 IT\ICCU\CFIV\082841  |4 aut 
240 1 0 |a Certi pomeriggi non passano ma  |9 Fortunato, Mario <1958- > 
245 1 0 |a Certi pomeriggi non passano mai /  |c Mario Fortunato. 
260 |a Roma :  |b Nottetempo,  |c 2009 
300 |a 47 p. ;  |c 15 cm. 
830 2 |a I sassi  |0 IT\ICCU\PAR\0703598 
942 |2 ddc  |c BK 
952 |0 0  |1 0  |2 ddc  |4 0  |6 B_LNR03FORMACER11  |7 0  |9 7696  |a MI  |b MI  |d 2012-04-06  |i 6423  |l 0  |o B-LNR03-FORMA-CER11  |p CDOM6423  |r 2025-07-13 16:28:45  |w 2025-07-13  |x DONO  |y BK 
952 |0 0  |1 0  |2 ddc  |4 0  |6 B_LNR03FORMACER12  |7 0  |9 7697  |a MI  |b MI  |d 2012-04-06  |i 6424  |l 0  |o B-LNR03-FORMA-CER12  |p CDOM6424  |r 2025-07-13 16:28:45  |w 2025-07-13  |x DONO  |y BK 
981 1 |6 z01  |a i   |b xxxe  
982 1 |6 z01  |a n 
999 |c 6372  |d 6372